000 01909cam a22004577a 4500
003 CHAP
005 20241112062703.0
008 980406d1997 mx r 00110 spa d
010 _a75257
011 _a76229
020 _a9688843970
035 _a85808
040 _cCHAP
082 0 4 _a634.31
_bG62
100 1 0 _aGómez Cruz, Manuel Ángel
_949661
245 1 3 _aLa agroindustria de naranja en México
_c/por Manuel Angel Gómez Cruz y Rita Schwentesius Rindermann
260 0 _aChapingo, Méx. :
_bUACH. Centro de Investigaciones Económicas, Sociales y Tecnológicas de la Agroindustria y la Agricultura Mundial
_c1997.
300 _a188 p.
410 2 1 _aUACH. CIESTAAM
490 0 _aColección estructura y dinámica de los sistemas agroindustriales
590 _aBATCH-UPD
_b10
_c20130110
_lUCH01
_h1903
590 _aBATCH-UPD
_b10
_c20130410
_lUCH01
_h1231
590 _aBATCH-UPD
_b10
_c20130914
_lUCH01
_h1004
590 _aCONVERSION
_b10
_c20130109
_lUCH01
_h1341
650 1 4 _aJugo de naranja.
_962290
650 1 4 _aNaranja
_xAspectos económicos
_xMéxico.
_980135
650 1 4 _aNaranja
_xIndustria.
_980170
650 1 4 _aNaranja
_xMercadeo.
_980176
700 1 _aSchwentesius Rindermann, Rita
_9103302
810 0 1 _aUACh. CIESTAAM
_9115844
830 0 _aColección estructura y dinámica de los sistemas agroindustriales
_924851
901 _aBK
905 _aMayto Villalobos S.
942 _cLIBRO
949 _a634.31 G62
_bBC
_cLIBRO
_d33724000585469
_eLIBRO
_h92927
_i85808
_si
949 _a634.31 G62
_bBC
_cLIBRO
_d33724000585477
_eLIBRO
_fc.2
_h92928
_i85808
_si
949 _a634.31 G62
_bBC
_cLIBRO
_d33724000585485
_eLIBRO
_fc.3
_h92929
_i85808
_sm
949 _a634.31 G62
_bBC
_cLIBRO
_d33724000585493
_eLIBRO
_fc.4
_h92930
_i85808
_so
949 _a634.31 G62
_bBC
_cLIBRO
_d33724000585501
_eLIBRO
_fc.5
_h92931
_i85808
_si
949 _a634.31 G62
_bBC
_cUACH
_d33724000585451
_eUACH
_fc.6
_h92932
_i85808
_sb
999 _c75257
_d75257